Normal view
MARC view
Entry Personal Name
001 - CONTROL NUMBER
- control field: 45660
003 - CONTROL NUMBER IDENTIFIER
- control field: dpl
005 - DATE AND TIME OF LATEST TRANSACTION
- control field: 20120424123527.0
008 - FIXED-LENGTH DATA ELEMENTS
- fixed length control field: 120424|||a|||||| | ||| d
040 ## - CATALOGING SOURCE
- Original cataloging agency: dpl
- Transcribing agency: dpl
100 ## - HEADING--PERSONAL NAME
- Personal name: Paul, Sumita
670 ## - SOURCE DATA FOUND
- Source citation: Work cat.: (dpl): 44715 Batta, Narinder, A guide to your pregnancy /, 2012
670 ## - SOURCE DATA FOUND
- Source citation: Work cat.: (dpl): 44715 Batta, Narinder, A guide to your pregnancy /, 2012
